000
00323nam a2200145Ia 4500
100
_a
Hayes /John P.
250
_a
2
942
_c
BK
654
_a
Computer architecture
245
_a
Computer architecture and organisation
260
_b
McGraw Hill
_a
New york
_c
1988
300
_a
702
546
_a
ENGLISH
999
_c
21004
_d
21004